अभोगी (Record no. 52146)

MARC details
000 -LEADER
fixed length control field 00502nam a2200181Ia 4500
008 - FIXED-LENGTH DATA ELEMENTS--GENERAL INFORMATION
fixed length control field 090123s9999 xx 000 0 und d
082 ## - DEWEY DECIMAL CLASSIFICATION NUMBER
Item number 14084
Classification number 891.463/देसाई
100 ## - MAIN ENTRY--PERSONAL NAME
Personal name देसाई रणजित
245 ## - TITLE STATEMENT
Title अभोगी
250 ## - EDITION STATEMENT
Edition statement 1
260 ## - PUBLICATION, DISTRIBUTION, ETC. (IMPRINT)
Name of publisher, distributor, etc अजब प्रकाशन
300 ## - PHYSICAL DESCRIPTION
Extent 244
600 ## - SUBJECT ADDED ENTRY--PERSONAL NAME
Personal name देसाई रणजित
630 ## - SUBJECT ADDED ENTRY--UNIFORM TITLE
Uniform title अभोगी
700 ## - ADDED ENTRY--PERSONAL NAME
Personal name देसाई रणजित
730 ## - ADDED ENTRY--UNIFORM TITLE
Uniform title अभोगी
942 ## - ADDED ENTRY ELEMENTS (KOHA)
Koha item type Book
Holdings
Withdrawn status Lost status Damaged status Not for loan Home library Current library Date acquired Cost, normal purchase price Total Checkouts Full call number Barcode Date last seen Cost, replacement price Price effective from Koha item type
        Jawahar Wachalanalaya, Kalwa Jawahar Wachalanalaya, Kalwa 03/31/2002 60.00   14084 KLW-14084 01/23/2009 60.00 01/23/2009 Book